000 00865nam a2200229 a 4500
001 71021
003 BD-RjUL
005 20211209082053.0
008 170423s1992 bg a|||| |||| 000 0 ben d
020 _a9840725327
_c: Tk. 100.00
035 _a(BD-RjUL)71235
040 _aBD-RjUL
_bben
_cBD-RjUL
_dBD-RjUL
041 _aben
082 _223
_a631.52
_bBHU 1992
100 1 _aভূঁইয়া, মোঃ শহীদুর রশীদ
_9146012
245 1 0 _aউদ্ভিদ প্রজনন /
_cমোঃ শহীদুর রশীদ ভূঁইয়া
260 _aঢাকা :
_bবাংলা একাডেমী,
_c১৯৯২ [১৩৯৮]
300 _a৩২৫ পৃ. :
_bচিত্র ;
_c২৫ সেমি.
650 _aউদ্ভিদ প্রজনন
_9146013
650 _aPlant breeding
_9146014
942 _2ddc
_cBK
999 _c71021
_d71021